000 00378cam a22001451 4500
082 _a297.646
_bFAZ
_cD
100 1 _aAhmad, Fazl.
_937392
245 1 0 _aAli the fourth caliph of Islam.
260 _aLahore,
_bSh. Muhammad Ashraf,
_c1968.
300 _a104p.
_c18 cm.
526 _a0
_b0
_c0
_d297_646000000000000_FAZ
650 0 _aMCE
_9379
650 0 _aMuslims
942 _2ddc
_cBK
999 _c542269
_d542269